[Event "Avoine op 25th"]
[Site "Avoine"]
[Date "2010.07.20"]
[Round "4"]
[White "Egreteau, Eric"]
[Black "Fruteau, Sabine"]
[Result "0-1"]
[WhiteElo "2010"]
[BlackElo "2142"]
[PlyCount "26"]
[EventDate "2010.07.??"]
[EventType "swiss"]
[EventRounds "9"]
[EventCountry "FRA"]
[Source "Mark Crowther"]
[SourceDate "2010.08.02"]
[WhiteTeamCountry "FRA"]
[BlackTeamCountry "FRA"]

1. e4 e5 2. Nf3 Nc6 3. d3 g6 4. Nc3 Bg7 5. g3 Nge7 6. Bg2 O-O 7. h4 d5 8. h5
Bg4 9. Nxd5 Nxd5 10. exd5 Qxd5 11. h6 Bf6 12. O-O e4 13. dxe4 Qh5 0-1

[Event "Avoine op 25th"]
[Site "Avoine"]
[Date "2010.07.20"]
[Round "4"]
[White "Devallee, Jeremie"]
[Black "Dube, Dimitri"]
[Result "1-0"]
[WhiteElo "1990"]
[BlackElo "2093"]
[PlyCount "80"]
[EventDate "2010.07.??"]
[EventType "swiss"]
[EventRounds "9"]
[EventCountry "FRA"]
[Source "Mark Crowther"]
[SourceDate "2010.08.02"]
[WhiteTeamCountry "FRA"]
[BlackTeamCountry "FRA"]

1. e4 Nf6 2. Nc3 e5 3. f4 d5 4. fxe5 Nxe4 5. Qf3 Nc6 6. Bb5 Nxc3 7. bxc3 Qh4+
8. g3 Qe4+ 9. Qxe4 dxe4 10. Bxc6+ bxc6 11. Ne2 Ba6 12. Rf1 g5 13. Rf6 Bc4 14.
Nd4 c5 15. Nf5 O-O-O 16. a4 Re8 17. Rb1 Rxe5 18. Ne3 Be6 19. c4 Bg7 20. Rf2 Rd8
21. Bb2 Rd4 22. g4 h5 23. h3 hxg4 24. hxg4 Bf8 25. Bc3 Bd6 26. a5 a6 27. Rf6
Bf8 28. Rf2 Bd6 29. Rh2 f5 30. Rh8+ Kd7 31. gxf5 Bxf5 32. Ra8 g4 33. Rxa6 Be6
34. Ra8 Rh5 35. Kf2 Rh2+ 36. Kg1 Rdxd2 37. Bxd2 Rxd2 38. a6 Bf4 39. Ng2 Bxc4
40. Nxf4 Bxa6 1-0

[Event "Avoine op 25th"]
[Site "Avoine"]
[Date "2010.07.20"]
[Round "4"]
[White "Menager, Erwan"]
[Black "Kapala, Serge"]
[Result "1-0"]
[WhiteElo "2087"]
[BlackElo "1741"]
[PlyCount "57"]
[EventDate "2010.07.??"]
[EventType "swiss"]
[EventRounds "9"]
[EventCountry "FRA"]
[Source "Mark Crowther"]
[SourceDate "2010.08.02"]
[WhiteTeamCountry "FRA"]
[BlackTeamCountry "FRA"]

1. e4 c5 2. Nf3 d6 3. d4 cxd4 4. Nxd4 Nf6 5. Nc3 a6 6. Bg5 e6 7. f4 Be7 8. Qf3
O-O 9. O-O-O Qc7 10. Bd3 Nc6 11. Nxc6 bxc6 12. Rhe1 e5 13. f5 a5 14. Qe2 a4 15.
g4 Bd7 16. Bc4 Rfb8 17. h4 Qb6 18. b3 d5 19. exd5 Ba3+ 20. Kb1 axb3 21. cxb3
Nxd5 22. Nxd5 cxd5 23. Rxd5 Bc6 24. Rxe5 h6 25. Bc1 Bb4 26. Bd2 Ba3 27. Bc3 Bf8
28. g5 hxg5 29. hxg5 1-0

[Event "Avoine op 25th"]
[Site "Avoine"]
[Date "2010.07.20"]
[Round "4"]
[White "Siclet, Mathieu"]
[Black "Bry, Stephane"]
[Result "1-0"]
[WhiteElo "1845"]
[BlackElo "2084"]
[PlyCount "57"]
[EventDate "2010.07.??"]
[EventType "swiss"]
[EventRounds "9"]
[EventCountry "FRA"]
[Source "Mark Crowther"]
[SourceDate "2010.08.02"]
[WhiteTeamCountry "FRA"]
[BlackTeamCountry "FRA"]

1. Nf3 Nf6 2. d4 g6 3. b4 Bg7 4. Bb2 O-O 5. c4 d5 6. e3 b6 7. Nc3 c5 8. dxc5
bxc5 9. Nxd5 Nxd5 10. Bxg7 Nxe3 11. Qe2 Kxg7 12. Qxe3 Na6 13. Qc3+ Kg8 14. b5
Nb8 15. h4 Nd7 16. Rd1 Qc7 17. h5 Nf6 18. hxg6 hxg6 19. Rh4 Bg4 20. Qe3 Bxf3
21. gxf3 Rad8 22. Bd3 Nh5 23. Rxh5 Rxd3 24. Rxd3 gxh5 25. Qg5+ Kh7 26. f4 Qc8
27. Qxh5+ Kg7 28. Rg3+ Kf6 29. Qe5# 1-0

[Event "Avoine op 25th"]
[Site "Avoine"]
[Date "2010.07.20"]
[Round "4"]
[White "Barberis, Matthieu"]
[Black "Sobry, Sebastien"]
[Result "0-1"]
[WhiteElo "1577"]
[BlackElo "2077"]
[PlyCount "74"]
[EventDate "2010.07.??"]
[EventType "swiss"]
[EventRounds "9"]
[EventCountry "FRA"]
[Source "Mark Crowther"]
[SourceDate "2010.08.02"]
[WhiteTeamCountry "FRA"]
[BlackTeamCountry "FRA"]

1. e4 c5 2. Nc3 Nc6 3. f4 g6 4. Bc4 Bg7 5. Nf3 e6 6. f5 gxf5 7. exf5 d5 8. Bb3
c4 9. Ba4 d4 10. Ne4 Qd5 11. Bxc6+ Qxc6 12. d3 e5 13. O-O f6 14. Ng3 Bd7 15.
Qe2 cxd3 16. Qxd3 h5 17. Nh4 O-O-O 18. Bd2 Qd5 19. c4 Qf7 20. Ng6 Rh7 21. Ba5
b6 22. Bb4 Bc6 23. c5 Qb7 24. cxb6 Bh6 25. Bd2 e4 26. Qc2 Bxd2 27. Qxd2 Qxb6
28. Rfe1 e3 29. Qd3 Qb7 30. Rac1 Kb8 31. Nf4 h4 32. Nge2 Be4 33. Qc4 d3 34.
Red1 Rhd7 35. Rc3 dxe2 36. Rxd7 e1=Q+ 37. Qf1 Qxf1+ 0-1

[Event "Avoine op 25th"]
[Site "Avoine"]
[Date "2010.07.20"]
[Round "4"]
[White "Grigore, George Gabriel"]
[Black "Grateau, Jean Noel"]
[Result "1-0"]
[WhiteElo "2532"]
[BlackElo "1908"]
[PlyCount "95"]
[EventDate "2010.07.??"]
[EventType "swiss"]
[EventRounds "9"]
[EventCountry "FRA"]
[Source "Mark Crowther"]
[SourceDate "2010.08.02"]
[WhiteTeamCountry "FRA"]
[BlackTeamCountry "FRA"]

1. d4 Nf6 2. c4 g6 3. Nc3 d5 4. Nf3 Bg7 5. Bf4 O-O 6. e3 c5 7. dxc5 Qa5 8. Rc1
dxc4 9. Bxc4 Qxc5 10. Bb3 Nc6 11. O-O Qa5 12. h3 Bf5 13. Ng5 Rad8 14. Bxf7+
Rxf7 15. Qb3 Nd5 16. Bc7 Nxc7 17. Qxf7+ Kh8 18. Qb3 Ne5 19. Rcd1 Rf8 20. e4 h6
21. exf5 hxg5 22. fxg6 Qb6 23. Qxb6 axb6 24. Rfe1 Nxg6 25. Rd7 Na6 26. Rxb7 Bd4
27. Re2 Nb4 28. Rd7 e5 29. Nb5 Bc5 30. a3 Nc6 31. b4 Nd4 32. Nxd4 Bxd4 33. Rc2
Nf4 34. Kh2 Ne6 35. Rc6 Nd8 36. Rh6+ Kg8 37. Rg6+ Kh8 38. Rxg5 Ne6 39. Rg6 Re8
40. f3 Nf8 41. Rh6+ Kg8 42. Rb7 Ne6 43. Rg6+ Kh8 44. a4 Nf4 45. Rh6+ Kg8 46. a5
bxa5 47. bxa5 Rc8 48. Rd6 1-0

[Event "Avoine op 25th"]
[Site "Avoine"]
[Date "2010.07.20"]
[Round "4"]
[White "Pucher, Sebastien"]
[Black "Gaudin, Eric"]
[Result "1-0"]
[WhiteElo "2251"]
[BlackElo "1904"]
[PlyCount "73"]
[EventDate "2010.07.??"]
[EventType "swiss"]
[EventRounds "9"]
[EventCountry "FRA"]
[Source "Mark Crowther"]
[SourceDate "2010.08.02"]
[WhiteTeamCountry "FRA"]
[BlackTeamCountry "FRA"]

1. e4 d5 2. exd5 Nf6 3. d4 Bg4 4. Nf3 Qxd5 5. Be2 Nc6 6. c4 Qh5 7. Be3 O-O-O 8.
Nbd2 e6 9. Qa4 Bb4 10. O-O-O Qa5 11. Qxa5 Bxa5 12. h3 Bh5 13. Nb3 h6 14. g4 Bg6
15. Nxa5 Nxa5 16. Ne5 Nc6 17. Nxg6 fxg6 18. h4 h5 19. gxh5 gxh5 20. Rhg1 Rd7
21. Bf3 Rhd8 22. Bxc6 bxc6 23. Rg5 Rh8 24. Rd3 Ng4 25. Ra3 Kb7 26. Rga5 Ra8 27.
Rb3+ Kc8 28. Rxh5 Nf6 29. Rc5 Ng4 30. Rxc6 e5 31. d5 Rd6 32. Ra3 Rxc6 33. dxc6
a5 34. b4 a4 35. Bc5 Kd8 36. Rg3 Nf6 37. Rxg7 1-0

[Event "Avoine op 25th"]
[Site "Avoine"]
[Date "2010.07.20"]
[Round "4"]
[White "Giua, Frederic"]
[Black "Purenne, Benoit"]
[Result "1-0"]
[WhiteElo "2241"]
[BlackElo "1896"]
[PlyCount "103"]
[EventDate "2010.07.??"]
[EventType "swiss"]
[EventRounds "9"]
[EventCountry "FRA"]
[Source "Mark Crowther"]
[SourceDate "2010.08.02"]
[WhiteTeamCountry "FRA"]
[BlackTeamCountry "FRA"]

1. Nf3 Nf6 2. c4 e6 3. b3 d5 4. e3 c5 5. Bb2 Nbd7 6. Be2 Bd6 7. cxd5 exd5 8.
O-O O-O 9. d4 Qe7 10. Nc3 cxd4 11. Qxd4 Nb6 12. Nb5 Bc5 13. Qh4 Bf5 14. Bxf6
Qxf6 15. Qxf6 gxf6 16. Rfd1 a6 17. Nbd4 Be4 18. a3 Rac8 19. Nh4 Bxd4 20. Rxd4
a5 21. Bd3 Bg6 22. Nf5 Rc3 23. Ne7+ Kh8 24. Bxg6 fxg6 25. b4 Ra8 26. g3 Rc4 27.
Nxd5 Rxd4 28. Nxb6 Rdd8 29. Nxa8 Rxa8 30. b5 Rc8 31. Rd1 Rc3 32. a4 Rc7 33. Rd4
Kg7 34. Kg2 Kf7 35. g4 Ke7 36. h4 b6 37. g5 f5 38. Kg3 Rc1 39. Kf3 Rc3 40. h5
Rc1 41. hxg6 hxg6 42. Rh4 Ra1 43. Rh7+ Ke6 44. Rg7 Rxa4 45. Rxg6+ Ke5 46. Rxb6
Rb4 47. g6 Rg4 48. Ra6 a4 49. Ke2 a3 50. Rxa3 Rxg6 51. Rb3 Rb6 52. Rb4 1-0

[Event "Avoine op 25th"]
[Site "Avoine"]
[Date "2010.07.20"]
[Round "4"]
[White "Ralle, Pierre"]
[Black "Pinel, Jeremy"]
[Result "1-0"]
[WhiteElo "2135"]
[BlackElo "1873"]
[PlyCount "49"]
[EventDate "2010.07.??"]
[EventType "swiss"]
[EventRounds "9"]
[EventCountry "FRA"]
[Source "Mark Crowther"]
[SourceDate "2010.08.02"]
[WhiteTeamCountry "FRA"]
[BlackTeamCountry "FRA"]

1. d4 Nf6 2. Nf3 e6 3. Bg5 d5 4. e3 Be7 5. c4 b6 6. Qc2 Bb7 7. cxd5 exd5 8. Bd3
Nbd7 9. Nc3 O-O 10. O-O c5 11. dxc5 bxc5 12. Rfd1 h6 13. Bh4 Rc8 14. Bf5 d4 15.
exd4 Bxf3 16. gxf3 c4 17. Re1 g5 18. Bg3 Bb4 19. Re2 Qa5 20. h4 Kg7 21. Be5
Rcd8 22. Bxd7 Bxc3 23. bxc3 Rxd7 24. Qf5 Qb6 25. Qxd7 1-0

[Event "Avoine op 25th"]
[Site "Avoine"]
[Date "2010.07.20"]
[Round "4"]
[White "Hutois, Mickael"]
[Black "Julien, Clement"]
[Result "1-0"]
[WhiteElo "2133"]
[BlackElo "1868"]
[PlyCount "111"]
[EventDate "2010.07.??"]
[EventType "swiss"]
[EventRounds "9"]
[EventCountry "FRA"]
[Source "Mark Crowther"]
[SourceDate "2010.08.02"]
[WhiteTeamCountry "FRA"]
[BlackTeamCountry "FRA"]

1. e4 e5 2. Nf3 Nc6 3. Bc4 Bc5 4. Qe2 d6 5. c3 Nf6 6. O-O O-O 7. a4 a5 8. d3 h6
9. Nbd2 Re8 10. Re1 Bg4 11. Nf1 Nh5 12. h3 Be6 13. Nxe5 Nxe5 14. Bxe6 Rxe6 15.
d4 Nf6 16. dxc5 Nc6 17. f3 d5 18. Ng3 dxe4 19. Qc4 Ne5 20. Qd4 Nd3 21. Re3 Qe7
22. Nf5 Qxc5 23. Nxh6+ gxh6 24. Rxd3 Qxd4+ 25. Rxd4 e3 26. Kf1 Nh5 27. Ke1 c5
28. Re4 Rxe4 29. fxe4 Nf4 30. Kf1 Re8 31. Bxe3 Nd3 32. b3 h5 33. Ke2 Ne5 34.
Bxc5 Nd7 35. Bd4 Rxe4+ 36. Kf3 Re6 37. Kf2 Nf6 38. Rd1 Nd5 39. Re1 Kh7 40. Rxe6
fxe6 41. Kf3 Kg6 42. Ke4 Kg5 43. Ke5 h4 44. c4 Nb4 45. Be3+ Kg6 46. Bb6 Kf7 47.
Ke4 Nc6 48. Bf2 e5 49. Bxh4 Ke6 50. Bf2 Nb8 51. Bb6 Nd7 52. Be3 Nf6+ 53. Kf3
Kf5 54. g4+ Kg6 55. h4 Kf7 56. g5 1-0

[Event "Avoine op 25th"]
[Site "Avoine"]
[Date "2010.07.20"]
[Round "4"]
[White "Wenzel, Johannes"]
[Black "Monpeurt, Fabien"]
[Result "0-1"]
[WhiteElo "2120"]
[BlackElo "1866"]
[PlyCount "64"]
[EventDate "2010.07.??"]
[EventType "swiss"]
[EventRounds "9"]
[EventCountry "FRA"]
[Source "Mark Crowther"]
[SourceDate "2010.08.02"]
[WhiteTeamCountry "FRA"]
[BlackTeamCountry "FRA"]

1. Nf3 f5 2. g3 Nf6 3. Bg2 e6 4. c4 Be7 5. O-O O-O 6. d4 d6 7. b4 Qe8 8. Bb2
Ne4 9. Qb3 Bf6 10. Nc3 Nc6 11. e3 Nxc3 12. Bxc3 Kh8 13. Rfe1 e5 14. b5 Nb8 15.
dxe5 dxe5 16. e4 fxe4 17. Rxe4 Bf5 18. Re3 Nd7 19. Rae1 Nc5 20. Qa3 Nd3 21. Rd1
Be7 22. Qb3 Nc5 23. Qb2 Na4 24. Qa1 Nxc3 25. Qxc3 e4 26. Nd4 Rd8 27. Rde1 Bf6
28. Rd1 Qd7 29. Nxf5 Qxd1+ 30. Qe1 Qxe1+ 31. Rxe1 Bc3 32. Rc1 Bd2 0-1

[Event "Avoine op 25th"]
[Site "Avoine"]
[Date "2010.07.20"]
[Round "4"]
[White "Charrais, Kevin"]
[Black "Ollier, M."]
[Result "0-1"]
[WhiteElo "1917"]
[BlackElo "2116"]
[PlyCount "84"]
[EventDate "2010.07.??"]
[EventType "swiss"]
[EventRounds "9"]
[EventCountry "FRA"]
[Source "Mark Crowther"]
[SourceDate "2010.08.02"]
[WhiteTeamCountry "FRA"]
[BlackTeamCountry "FRA"]

1. e4 c5 2. Nf3 Nc6 3. d4 cxd4 4. c3 dxc3 5. Nxc3 e6 6. Bc4 Qc7 7. O-O Nf6 8.
Qe2 Ng4 9. Nb5 Qb8 10. h3 h5 11. g3 Nge5 12. Bf4 a6 13. Nxe5 Nxe5 14. Nd4 Bd6
15. Bb3 h4 16. Kg2 b6 17. Rfd1 f6 18. Nf3 g5 19. Be3 hxg3 20. fxg3 g4 21. Nxe5
gxh3+ 22. Kh2 Bxe5 23. Qg4 Kf7 24. Rd5 Rg8 25. Qh5+ Rg6 26. Qh7+ Rg7 27. Qh5+
Ke7 28. Qh6 Rxg3 29. Kh1 exd5 30. Qh7+ Kd6 31. Rd1 d4 32. Bxd4 Bxd4 33. Rxd4+
Kc7 34. Bd5 b5 35. Qh4 Rg5 36. Qf4+ Re5 37. b4 Qb6 38. Rd3 Bb7 39. Rc3+ Kb8 40.
Rc5 Ka7 41. Bxb7 Rxc5 42. bxc5 Qxb7 0-1

[Event "Avoine op 25th"]
[Site "Avoine"]
[Date "2010.07.20"]
[Round "4"]
[White "Aumont, Alexandre"]
[Black "Pallandre, Fabrice"]
[Result "1/2-1/2"]
[WhiteElo "1898"]
[BlackElo "2103"]
[PlyCount "57"]
[EventDate "2010.07.??"]
[EventType "swiss"]
[EventRounds "9"]
[EventCountry "FRA"]
[Source "Mark Crowther"]
[SourceDate "2010.08.02"]
[WhiteTeamCountry "FRA"]
[BlackTeamCountry "FRA"]

1. f4 e6 2. Nf3 d5 3. g3 c5 4. Bg2 Nf6 5. d3 b6 6. O-O Bb7 7. c3 Bd6 8. Qe1 O-O
9. Nbd2 Nbd7 10. h3 e5 11. fxe5 Nxe5 12. Nxe5 Bxe5 13. Nf3 Bd6 14. Bg5 h6 15.
Bxf6 Qxf6 16. Nd4 Qe5 17. Nf5 Bc7 18. Qf2 Rae8 19. d4 Qxe2 20. dxc5 bxc5 21.
Rad1 Qxf2+ 22. Rxf2 Re5 23. c4 Bc8 24. Rxd5 Rxd5 25. Ne7+ Kh7 26. Bxd5 Bxg3 27.
Rf3 Bd6 28. Nxc8 Rxc8 29. Rxf7 1/2-1/2

[Event "Avoine op 25th"]
[Site "Avoine"]
[Date "2010.07.20"]
[Round "4"]
[White "Marchadour, Claire"]
[Black "Mignard, Gregory"]
[Result "1-0"]
[WhiteElo "2072"]
[BlackElo "1830"]
[PlyCount "93"]
[EventDate "2010.07.??"]
[EventType "swiss"]
[EventRounds "9"]
[EventCountry "FRA"]
[Source "Mark Crowther"]
[SourceDate "2010.08.02"]
[WhiteTeamCountry "FRA"]
[BlackTeamCountry "FRA"]

1. e4 c6 2. d4 d5 3. Nc3 dxe4 4. Nxe4 Nd7 5. f4 Ngf6 6. Ng3 e6 7. Nf3 Qa5+ 8.
c3 Bd6 9. Ne5 c5 10. Nc4 Qc7 11. Nxd6+ Qxd6 12. Be3 cxd4 13. Qd2 Qd5 14. cxd4
a5 15. b3 b5 16. Be2 Qd6 17. Bxb5 Qb4 18. Qxb4 axb4 19. Bc6 Ra6 20. Bf3 O-O 21.
O-O Nb6 22. Ne4 Nxe4 23. Bxe4 Nd5 24. Bxd5 exd5 25. Bd2 Rb6 26. Rfe1 Bf5 27.
Re7 Ra8 28. a4 Kf8 29. Rc7 Ra5 30. Rac1 Raa6 31. R1c5 Be4 32. Rd7 Ke8 33. Rcc7
Bc2 34. Re7+ Kd8 35. Rxf7 Bxb3 36. f5 h6 37. Rxg7 Rxa4 38. Rcd7+ Kc8 39. Rc7+
Kd8 40. Bf4 Ra1+ 41. Kf2 Ra2+ 42. Ke3 Ba4 43. Ra7 Ra3+ 44. Kd2 Ra2+ 45. Kc1
Rc6+ 46. Kb1 Re2 47. Ra8+ 1-0

[Event "Avoine op 25th"]
[Site "Avoine"]
[Date "2010.07.20"]
[Round "4"]
[White "Voss, Chantal"]
[Black "Peyre, Thomas"]
[Result "0-1"]
[WhiteElo "1881"]
[BlackElo "2065"]
[PlyCount "74"]
[EventDate "2010.07.??"]
[EventType "swiss"]
[EventRounds "9"]
[EventCountry "FRA"]
[Source "Mark Crowther"]
[SourceDate "2010.08.02"]
[WhiteTeamCountry "FRA"]
[BlackTeamCountry "FRA"]

1. d4 Nf6 2. c4 e6 3. Nf3 b6 4. g3 Bb4+ 5. Bd2 Bxd2+ 6. Nbxd2 Bb7 7. Bg2 O-O 8.
O-O d6 9. Qc2 Nbd7 10. e4 e5 11. d5 g6 12. b4 a5 13. a3 Nh5 14. Bh3 Bc8 15.
Rac1 Qe7 16. Nb1 Ng7 17. Qd2 f5 18. Nc3 Nf6 19. Qg5 Qf7 20. Qd2 Qe8 21. Ng5 h6
22. Nf3 fxe4 23. Bxc8 Qxc8 24. Ne1 Qh3 25. f3 Kh7 26. Qg2 Qxg2+ 27. Kxg2 Nf5
28. Nc2 exf3+ 29. Rxf3 axb4 30. axb4 Rf7 31. Rcf1 Raf8 32. R3f2 Ng4 33. Rf3
Nfe3+ 34. Nxe3 Nxe3+ 35. Rxe3 Rxf1 36. Re2 Rc1 37. Re3 Rc2+ 0-1

[Event "Avoine op 25th"]
[Site "Avoine"]
[Date "2010.07.20"]
[Round "4"]
[White "Gallet, Antoine"]
[Black "Thomas, O."]
[Result "1/2-1/2"]
[WhiteElo "1870"]
[BlackElo "2060"]
[PlyCount "56"]
[EventDate "2010.07.??"]
[EventType "swiss"]
[EventRounds "9"]
[EventCountry "FRA"]
[Source "Mark Crowther"]
[SourceDate "2010.08.02"]
[WhiteTeamCountry "FRA"]
[BlackTeamCountry "FRA"]

1. e4 c5 2. Nf3 Nc6 3. d4 cxd4 4. Nxd4 Nf6 5. Nc3 e5 6. Ndb5 d6 7. Bg5 a6 8.
Na3 b5 9. Bxf6 gxf6 10. Nd5 Bg7 11. c3 f5 12. exf5 Bxf5 13. Nc2 Be6 14. Nce3
O-O 15. Qh5 f5 16. Bd3 e4 17. Bc2 Bxd5 18. Nxd5 Kh8 19. O-O Ne7 20. Rad1 Ra7
21. Rfe1 Nxd5 22. Rxd5 Be5 23. Kh1 Qf6 24. Rdd1 Qg6 25. Qh3 Qg5 26. Qe3 Qxe3
27. Rxe3 Rc7 28. Bb3 Kg7 1/2-1/2

[Event "Avoine op 25th"]
[Site "Avoine"]
[Date "2010.07.20"]
[Round "4"]
[White "Le Roch, Daniel"]
[Black "Gros, Patrick"]
[Result "0-1"]
[WhiteElo "1867"]
[BlackElo "2050"]
[PlyCount "134"]
[EventDate "2010.07.??"]
[EventType "swiss"]
[EventRounds "9"]
[EventCountry "FRA"]
[Source "Mark Crowther"]
[SourceDate "2010.08.02"]
[WhiteTeamCountry "FRA"]
[BlackTeamCountry "FRA"]

1. d4 d6 2. c4 e5 3. dxe5 dxe5 4. Qxd8+ Kxd8 5. Nf3 f6 6. Nc3 c6 7. Bd2 Be6 8.
b3 Nd7 9. O-O-O Kc7 10. g3 a5 11. Bg2 Bc5 12. e3 Nh6 13. h3 Nb6 14. a4 Rhd8 15.
Ne4 Ba3+ 16. Kc2 Nd7 17. Bc3 Nf7 18. Rd2 b6 19. Rhd1 Be7 20. g4 f5 21. gxf5
Bxf5 22. Ne1 Nc5 23. Rxd8 Rxd8 24. Rxd8 Bxd8 25. f3 Bf6 26. Nd3 Bxe4 27. fxe4
Nxd3 28. Kxd3 c5 29. Ke2 Kd7 30. Kf3 Nd6 31. Kg4 Ke6 32. h4 Nf7 33. Bh3 Ke7 34.
Be1 g6 35. Kf3 Nd6 36. Bg3 Kf8 37. Bd7 Kg7 38. Be6 Kh6 39. Bg8 Kg7 40. Be6 h5
41. Bd5 Kh6 42. Kg2 g5 43. hxg5+ Kxg5 44. Kh3 Kh6 45. Bh4 Bxh4 46. Kxh4 Ne8 47.
Be6 Nf6 48. Bf5 Ne8 49. Be6 Nd6 50. Bd5 Kg6 51. Bc6 Kh6 52. Bd5 Ne8 53. Be6 Nf6
54. Bf5 Ng8 55. Be6 Ne7 56. Bf7 Ng6+ 57. Kg3 Kg5 58. Be6 Ne7 59. Bd7 Ng8 60.
Be6 Nf6 61. Bf5 h4+ 62. Kh3 Nh5 63. Kg2 Ng3 64. Bh7 Kg4 65. Kf2 h3 66. Bf5+
Nxf5 67. exf5 Kxf5 0-1

[Event "Avoine op 25th"]
[Site "Avoine"]
[Date "2010.07.20"]
[Round "4"]
[White "Naudion, Gregoire"]
[Black "Chabeaud, Jean Jacques"]
[Result "1/2-1/2"]
[WhiteElo "2049"]
[BlackElo "1823"]
[PlyCount "82"]
[EventDate "2010.07.??"]
[EventType "swiss"]
[EventRounds "9"]
[EventCountry "FRA"]
[Source "Mark Crowther"]
[SourceDate "2010.08.02"]
[WhiteTeamCountry "FRA"]
[BlackTeamCountry "FRA"]

1. e4 e6 2. d4 d5 3. Nd2 Nf6 4. e5 Nfd7 5. Bd3 c5 6. c3 Nc6 7. Ngf3 cxd4 8.
cxd4 Qb6 9. O-O Nxd4 10. Nxd4 Qxd4 11. Nf3 Qb6 12. Rb1 Be7 13. Be3 Qd8 14. Qa4
O-O 15. Qg4 f5 16. Qg3 Nc5 17. Bc2 Bd7 18. Rfc1 a5 19. Bxf5 exf5 20. Bxc5 Bxc5
21. Rxc5 f4 22. Qg5 Qxg5 23. Nxg5 Bf5 24. Rd1 h6 25. Nf3 Be4 26. Nd4 Rfc8 27.
Rdc1 Rxc5 28. Rxc5 Bb1 29. a3 Ba2 30. b3 a4 31. b4 Bc4 32. f3 Re8 33. e6 g6 34.
Rc7 g5 35. g3 fxg3 36. hxg3 Kf8 37. Rf7+ Kg8 38. Kf2 Rxe6 39. Nxe6 Kxf7 40. Nd4
Kf6 41. Ke3 Ke5 1/2-1/2

[Event "Avoine op 25th"]
[Site "Avoine"]
[Date "2010.07.20"]
[Round "4"]
[White "Cibeau, Axel"]
[Black "Farou, Fabrice"]
[Result "0-1"]
[WhiteElo "1868"]
[BlackElo "2029"]
[PlyCount "24"]
[EventDate "2010.07.??"]
[EventType "swiss"]
[EventRounds "9"]
[EventCountry "FRA"]
[Source "Mark Crowther"]
[SourceDate "2010.08.02"]
[WhiteTeamCountry "FRA"]
[BlackTeamCountry "FRA"]

1. e4 g6 2. d4 Bg7 3. f4 d6 4. c3 Nd7 5. Nf3 Ngf6 6. e5 dxe5 7. fxe5 Nd5 8. Qb3
e6 9. c4 Ne7 10. Nc3 O-O 11. Bd3 c5 12. dxc5 Nxc5 0-1

[Event "Avoine op 25th"]
[Site "Avoine"]
[Date "2010.07.20"]
[Round "4"]
[White "Smith, Matthieu"]
[Black "Palomar, Felix"]
[Result "1-0"]
[WhiteElo "2026"]
[BlackElo "1818"]
[PlyCount "111"]
[EventDate "2010.07.??"]
[EventType "swiss"]
[EventRounds "9"]
[EventCountry "FRA"]
[Source "Mark Crowther"]
[SourceDate "2010.08.02"]
[WhiteTeamCountry "FRA"]
[BlackTeamCountry "FRA"]

1. d4 d5 2. Nf3 e6 3. c4 c5 4. cxd5 exd5 5. e3 Nc6 6. Nc3 Nf6 7. Ne5 a6 8. Be2
Bd6 9. Nxc6 bxc6 10. O-O O-O 11. dxc5 Bxc5 12. Na4 Bd6 13. Qc2 Qc7 14. g3 Ne4
15. Nc3 Nf6 16. Bf3 Re8 17. b3 h5 18. Bb2 Bg4 19. Bg2 Qc8 20. e4 Bh3 21. Na4
Bxg2 22. Kxg2 Qe6 23. Bxf6 Qxf6 24. exd5 cxd5 25. Rad1 d4 26. Rd3 Rac8 27. Qd1
Be5 28. Nb2 Qc6+ 29. Kg1 Qc2 30. Rd2 Qxd1 31. Rfxd1 Bf6 32. Nc4 Re6 33. Kg2 g6
34. Kf3 Rc5 35. Kg2 Rb5 36. Kf1 Rb8 37. Re2 Rbe8 38. Rxe6 Rxe6 39. Re1 Kf8 40.
Rxe6 fxe6 41. Ke2 Ke7 42. f4 Kd7 43. Kd3 Kc6 44. Ke4 Kc5 45. a3 g5 46. h3 gxf4
47. gxf4 Bg7 48. Nd2 a5 49. Nf1 Kd6 50. Ng3 h4 51. Ne2 e5 52. fxe5+ Bxe5 53.
Nxd4 Bg3 54. Nf5+ Kc5 55. Nxg3 hxg3 56. Kf3 1-0

[Event "Avoine op 25th"]
[Site "Avoine"]
[Date "2010.07.20"]
[Round "4"]
[White "Vekemans, Denis"]
[Black "Louis Sidois, Charles"]
[Result "1-0"]
[WhiteElo "2022"]
[BlackElo "1810"]
[PlyCount "71"]
[EventDate "2010.07.??"]
[EventType "swiss"]
[EventRounds "9"]
[EventCountry "FRA"]
[Source "Mark Crowther"]
[SourceDate "2010.08.02"]
[WhiteTeamCountry "FRA"]
[BlackTeamCountry "FRA"]

1. e4 e6 2. Nf3 d5 3. e5 c5 4. b4 cxb4 5. a3 Nc6 6. axb4 Bxb4 7. c3 Be7 8. d4
f6 9. exf6 Nxf6 10. Bd3 O-O 11. O-O Qc7 12. Re1 Ng4 13. h3 Rxf3 14. Qxf3 Qh2+
15. Kf1 e5 16. Qxd5+ Kh8 17. Qf3 exd4 18. Bf4 dxc3 19. hxg4 Qh1+ 20. Ke2 Nd4+
21. Kd1 Qh4 22. Qg3 Qf6 23. Be5 Qb6 24. Bxd4 Qxd4 25. Rxe7 Bxg4+ 26. Kc2 Rd8
27. Re4 Bd1+ 28. Kc1 Qb6 29. Nxc3 Bh5 30. Bc4 Qh6+ 31. Qe3 Qf6 32. Rxa7 Bg6 33.
Re6 Qh4 34. Rxg6 Qxc4 35. Re6 Qc8 36. Rxb7 1-0

[Event "Avoine op 25th"]
[Site "Avoine"]
[Date "2010.07.20"]
[Round "4"]
[White "Pailhe, Lionel"]
[Black "Stephan, Arthur"]
[Result "1-0"]
[WhiteElo "2007"]
[BlackElo "1809"]
[PlyCount "65"]
[EventDate "2010.07.??"]
[EventType "swiss"]
[EventRounds "9"]
[EventCountry "FRA"]
[Source "Mark Crowther"]
[SourceDate "2010.08.02"]
[WhiteTeamCountry "FRA"]
[BlackTeamCountry "FRA"]

1. c4 e5 2. g3 Nf6 3. Bg2 Nc6 4. Nc3 Bc5 5. e3 Nb4 6. d3 O-O 7. Nge2 c6 8. a3
Na6 9. b4 Bb6 10. O-O d5 11. Bb2 Bg4 12. cxd5 cxd5 13. Na4 Bc7 14. b5 Nb8 15.
Rc1 a6 16. b6 Bd6 17. h3 Bh5 18. g4 Bg6 19. Qb3 Nbd7 20. f4 h5 21. g5 Ne8 22.
Bxd5 exf4 23. exf4 Qe7 24. Bxb7 Nc5 25. Nxc5 Bxc5+ 26. Rxc5 Qxc5+ 27. Bd4 Qe7
28. Bxa8 Qxe2 29. f5 Qd2 30. fxg6 Qxg5+ 31. Bg2 Nd6 32. gxf7+ Kh8 33. Qb4 1-0

[Event "Avoine op 25th"]
[Site "Avoine"]
[Date "2010.07.20"]
[Round "4"]
[White "Dupeux, Denis"]
[Black "Schwarzat, Julian"]
[Result "1/2-1/2"]
[WhiteElo "1860"]
[BlackElo "2007"]
[PlyCount "66"]
[EventDate "2010.07.??"]
[EventType "swiss"]
[EventRounds "9"]
[EventCountry "FRA"]
[Source "Mark Crowther"]
[SourceDate "2010.08.02"]
[WhiteTeamCountry "FRA"]
[BlackTeamCountry "FRA"]

1. d4 Nf6 2. c4 e6 3. Nc3 Bb4 4. Qc2 c5 5. dxc5 Na6 6. a3 Bxc3+ 7. Qxc3 Nxc5 8.
Qc2 b6 9. Bf4 Qe7 10. f3 e5 11. Bg5 Ne6 12. Bxf6 Qxf6 13. e3 Bb7 14. Bd3 Rc8
15. Qe2 O-O 16. Nh3 Rfd8 17. O-O d5 18. cxd5 Bxd5 19. Rad1 Nc5 20. Bc2 h6 21.
Nf2 Bb7 22. Rxd8+ Rxd8 23. Rd1 Ba6 24. Rxd8+ Qxd8 25. Qd1 Qxd1+ 26. Nxd1 Kf8
27. b4 Ne6 28. Kf2 Ke7 29. Nc3 Bc4 30. h4 Nc7 31. f4 exf4 32. exf4 Nd5 33.
Nxd5+ Bxd5 1/2-1/2